Botany : (Record no. 288571)
[ view plain ]
| 000 -LEADER | |
|---|---|
| fixed length control field | 00415nam a22001577a 4500 |
| 003 - CONTROL NUMBER IDENTIFIER | |
| control field | PILC |
| 005 - DATE AND TIME OF LATEST TRANSACTION | |
| control field | 20150902081741.0 |
| 008 - FIXED-LENGTH DATA ELEMENTS--GENERAL INFORMATION | |
| fixed length control field | 150902b xxu||||| |||| 00| 0 eng d |
| 020 ## - INTERNATIONAL STANDARD BOOK NUMBER | |
| International Standard Book Number | 9812471871 |
| 050 ## - LIBRARY OF CONGRESS CALL NUMBER | |
| Classification number | QK 47 |
| Item number | .N117 2005 |
| 100 ## - MAIN ENTRY--PERSONAL NAME | |
| Personal name | Nabors, Murray M. |
| 245 ## - TITLE STATEMENT | |
| Title | Botany : |
| Remainder of title | an introduction approach / |
| Statement of responsibility, etc | Murray M. Nabors. |
| 260 ## - PUBLICATION, DISTRIBUTION, ETC. (IMPRINT) | |
| Place of publication, distribution, etc | Singapore : |
| Name of publisher, distributor, etc | Pearson, |
| Date of publication, distribution, etc | 2005 |
| 650 ## - SUBJECT ADDED ENTRY--TOPICAL TERM | |
| Topical term or geographic name as entry element | Botany. |
| 942 ## - ADDED ENTRY ELEMENTS (KOHA) | |
| Source of classification or shelving scheme | Library of Congress Classification |
| Koha item type | Books |
| Withdrawn status | Lost status | Source of classification or shelving scheme | Damaged status | Home library | Current library | Shelving location | Date acquired | Sub Shelving location | Total Checkouts | Total Renewals | Full call number | Barcode | Date last seen | Date checked out | Price effective from | Koha item type |
|---|---|---|---|---|---|---|---|---|---|---|---|---|---|---|---|---|
| Library of Congress Classification | College Library | College Library | General Circulation Section | 09/02/2015 | 1 | 2 | QK 47 .N117 2005 | C6084 | 05/15/2018 | 09/02/2015 | 09/02/2015 | Books |